000 00288 a2200085 4500
020 _a978-1032372310
100 _aEven Smith Wergeland
245 _aThe Architecture and Geography of Sound Studios: Sonic Heritage (Routledge Research in Architecture) 1st Edition
260 _b‎ Routledge
_c2024
999 _c13194
_d13194